• 首页
  • 本馆介绍
  • 公告通知
  • 最新文献
  • 馆藏检索
  • 电子资源
  • 读者导购
  • 参考咨询
  • 我的图书馆
  • 登录
  • 详细信息显示
  • 放入我的书架
  • 预约/预借图书
  • 作者相关作品
  • 分类相关作品
  • 丛书相关作品
  • 出版社相关作品

书目信息

  • 表格格式
  • 工作单格式
  • 卡片格式
题名:
水利水电工程环境影响评价
    
 
作者: 朱党生 主编
分册:  
出版信息: 北京   中国环境科学出版社  2006
页数: 14,510页
开本: 23cm
丛书名:
单 册:
中图分类: X820.3
科图分类:
主题词: 水利工程--环境影响--评价 , 水力发电工程--环境影响--评价 , 水利工程 , 环境影响 , 水力发电工程
电子资源:
ISBN: 7-80209-285-X
000 01157nam0 2200313 450
001 003180565
005 20070807165238.90
010    @a7-80209-285-X@dCNY80.00
035    @a003180565
100    @a20060531d2006 em y0chiy0110 ea
101 0  @achi
102    @aCN@b110000
105    @aa z 001yy
106    @ar
200 1  @a水利水电工程环境影响评价@Ashui li shui dian gong cheng huan jing ying xiang ping jia@f朱党生主编@Fzhu dang sheng zhu bian
210    @a北京@c中国环境科学出版社@d2006
215    @a14,510页@c图@d23cm
300    @a《环境影响评价技术导则 水利水电工程》宣贯培训教材
304    @a水利部水利水电规划设计总院
330    @a本书全面介绍了导则的制定目的,适用范围以及环境影响评价的具体内容与方法,系统地总结了已开展的水利水电工程环评的经验和成熟的技术方法,阐述了最新专项环评研究成果,列举了大量工程案例分析,供环评人员参考适用。
606 0  @a水利工程@x环境影响@x评价
606 0  @a水力发电工程@x环境影响@x评价
606 0  @a水利工程
606 0  @a环境影响
606 0  @a水力发电工程
690    @aX820.3@v4
701  0 @a朱党生@Azhu dang sheng@c(高级工程师)@4主编
801  0 @aCN@bNLC@c20070807
905    @dX820.3@e129@f1
    
    水利水电工程环境影响评价/朱党生主编.-北京:中国环境科学出版社,2006
    14,510页:图;23cm
    《环境影响评价技术导则 水利水电工程》宣贯培训教材
    
    ISBN 7-80209-285-X:CNY80.00
    本书全面介绍了导则的制定目的,适用范围以及环境影响评价的具体内容与方法,系统地总结了已开展的水利水电工程环评的经验和成熟的技术方法,阐述了最新专项环评研究成果,列举了大量工程案例分析,供环评人员参考适用。
●
相关链接 在E读中查询图书 在五车中查询图书 在当当中查询图书 在豆瓣中查询图书


正题名:水利水电工程环境影响评价     索取号:X820.3/129         预约/预借

序号 登录号 条形码 馆藏地/架位号 状态 备注
1 0809397   208093971   第二样本阅览室/ [索取号:X820.3/129] 在馆    
2 0809398   208093980   第三借阅区/ [索取号:X820.3/129] 在馆    
3 0853829   208538297   第三借阅区/ [索取号:X820.3/129] 在馆    
唐山师范学院图书馆 欢迎您!
大连网信软件有限公司© 版权所有